000 00476nam a2200181Ia 4500
001 13604
005 20260306164813.0
008 260306t2009||||xx |||||||||||||| ||spa||
041 _aESP
082 _a005.1
_bCH574
100 _aChrissis, Mary Beth
_eAUT
245 0 _aCMMI. Guía para la integración de procesos y la mejora de productos
260 _c2009
300 _axxxvii, 664 páginas :
_c25 cm.
650 _aGEN
654 _aCCC
942 _cLIB
_dJUS
_fJUS
_2ddc
_n
999 _c13604
_d13604